LEADER 01663nam a2200349 u 4500 001 000000007977 003 CaOOAMICUS 005 20070226105038.0 008 941110s1967 fr u000 u fre u 035 $a10206816 040 $aPUL(R)$bita 041 0 $afre$alat 100 0 $aThomas Vercellensis,$cO.S.B.,$dm. 1246.$0(OLS)http://pul/name/7947 245 10$aCommentaires du Cantique des cantiques /$cThomas Gallus ; texte critique avec introduction, notes et tables par Jeanne Barbet ; préface de monseigneur André Combes. 260 $aParis :$bJ. Vrin,$c1967. 300 $a283 p. : ;$c25 cm 490 1 $aTextes philosophiques du Moyen Age ;$v14 500 $aContiene indici. 500 $a"Ouvrage publié avec le concours du Centre National de la Recherche Scientifique". 630 04$aBiblia.$pV.T.$pCanticum canticorum$xCommenti.$0(OLS)http://pul/subject/6701 700 1 $aCombes, André,$csac.,$d1899-1969.$0(OLS)http://pul/name/6629 700 1 $aBarbet, Jeanne.$0(OLS)http://pul/name/1570 710 2 $aCentre national de la recherche scientifique (Francia).$0(OLS)http://pul/name/720 830 0$aTextes philosophiques du Moyen Age ;$v14.$0(OLS)http://pul/title/2107 850 $aPUL 852 $aPUL$W1$xSL Filosofia 1$y2$m97.A$j572$nBK-PRI$b $qStampati$B11305$CPULBib$Z2$F11305 $H $81 900 $aTommaso,$cabate di Vercelli,$dm. 1246$97947 900 $aGallus, Thomas,$cO.S.B.,$dm. 1246$97947 941 1 $a8 961 $aINV: 35527 996 $6245$aCommentaires du Cantique des cantiques$9(OLS)http://pul/title/11607 996 $6260$aParis :$bJ. Vrin$9(OLS)http://pul/publisher/48393 LEADER 01214nam a2200289 u 4500 001 000000057017 003 CaOOAMICUS 005 20070226120534.0 008 010426s1993 it u000 u ita u 035 $a10886586 040 $aPUL(R)$bita 041 1 $aita$hfre 100 1 $aGalbraith, John Kenneth,$d1908-$0(OLS)http://pul/name/14837 240 10$aTout sovoir - ou presque - sur l'économie.$lItaliano.$0(OLS)http://pul/title/76294 245 10$aSapere o quasi sull'economia /$cJohn Kenneth Galbraith ; traduzione di Massimo Parizzi. 260 $aMilano :$bMondadori,$c1993. 300 $a189 p. ;$c20 cm 490 1 $aSaggi ;$v77 504 $aBibliografia in nota. 650 4$aEconomia$xStudi.$0(OLS)http://pul/subject/19077 700 1 $aParizzi, Massimo.$0(OLS)http://pul/name/39913 830 0$aSaggi (Mondadori) ;$v77.$0(OLS)http://pul/title/26238 850 $aPUL 852 $aPUL$W1$xSL Religione 2$y84$mRH D3 196$j74679$nBK-PRI$b $qStampati altre collocazioni$B74679$CPULBib$Z2$F74679 $H $81 941 1 $a10 996 $6245$aSapere o quasi sull'economia$9(OLS)http://pul/title/76295 996 $6260$aMilano :$bMondadori$9(OLS)http://pul/publisher/50297